Statistiques concernant Les grands noms de l'Histoire de France #Facile

Cliquez ici pour prendre le quiz!

Statistiques générales

  • Ce quiz a été pris 204 fois
  • Le résultat moyen est 13 sur 16

Statistiques - réponses

Réponse% Correct
Napoleon
99%
Charles De Gaulle
98%
Louis XIV
95%
Marie-Antoinette
95%
Jeanne d'Arc
94%
Louis XVI
90%
Vercingétorix
90%
Charlemagne
87%
François 1er
82%
Robespierre
81%
Clovis 1er
80%
Richelieu
74%
Henri IV
69%
Voltaire
69%
Jean Moulin
53%
Debussy
8%

Distribution des résultats

Percentile par nombre de réponses

% des personnes avec chaque résultat

Votre développement - résultats

Vous n’avez pas pris ce quiz